| 000 | 00582nam a2200181Ia 4500 | ||
|---|---|---|---|
| 008 | 210719s2012 xx 000 0 und d | ||
| 020 | _a978-1-84787-037-7 | ||
| 041 | _aeng | ||
| 082 | _a371.334 CARD | ||
| 100 | _aCARRINGTON (Victoria);ROBINSON (Muriel) Ed | ||
| 245 | _aDigital literacies:social learning and classroom practices | ||
| 260 |
_aLondon _bSage Publications India Pvt. Limited. _c2012 |
||
| 300 |
_aix,174 _bPB |
||
| 365 |
_b3434.26 _cGBP |
||
| 650 | _aEducation | ||
| 650 | _aEducation | ||
| 906 | _aclassroom ; Digital ; learning ; literacies:social ; practices | ||
| 999 |
_c211874 _d211874 |
||